|
|
|
|
| LEADER |
00000nam0a2200000 4500 |
| 001 |
344651 |
| 005 |
20231102005704.0 |
| 010 |
|
|
|a 9785778227842
|
| 035 |
|
|
|a (RuTPU)RU\TPU\book\376308
|
| 090 |
|
|
|a 344651
|
| 100 |
|
|
|a 20200323d2015 k y0rusy50 ca
|
| 101 |
0 |
|
|a rus
|
| 102 |
|
|
|a RU
|
| 105 |
|
|
|a a z 101zy
|
| 200 |
1 |
|
|a Инновационный менеджмент и технологическое предпринимательство
|h Т. 2
|e материалы Всероссийского молодежного научного форума, г. Новосибирск, 12-14 ноября 2015 г.
|f Новосибирский государственный технический университет, Факультет бизнеса
|
| 210 |
|
|
|a Новосибирск
|c Изд-во НГТУ
|d 2015
|
| 215 |
|
|
|a 391 с.
|c ил.
|
| 320 |
|
|
|a Библиогр. в конце докл.
|
| 330 |
|
|
|a Цель форума - содействие формированию научно-образовательной среды инновационной деятельности, популяризация инновационного проектирования и предпринимательства среди студенческой и научной молодежи. В форуме приняли участие представители вузов, научных организаций и бизнес-структур Астаны, Барнаула, Воронежа, Екатеринбурга, Кемерова, Москвы, Новокузнецка, Новосибирска, Омска, Санкт-Петербурга, Томска, Уфы, Якутска. Организаторы надеются, что данные материалы вызовут интерес у студентов, аспирантов, преподавателей вузов, специалистов предприятий и организаций-партнеров, всех, кому интересны проблемы и перспективы развития инновационного предпринимательства и устойчивого развития современной экономики.
|
| 606 |
1 |
|
|a Инновационный менеджмент
|2 stltpush
|3 (RuTPU)RU\TPU\subj\12654
|9 39407
|
| 610 |
1 |
|
|a экономика
|
| 610 |
1 |
|
|a инновации
|
| 610 |
1 |
|
|a управление
|
| 610 |
1 |
|
|a технологическое предпринимательство
|
| 610 |
1 |
|
|a инновационная деятельность
|
| 610 |
1 |
|
|a предпринимательство
|
| 610 |
1 |
|
|a инновационные продукты
|
| 610 |
1 |
|
|a научная деятельность
|
| 610 |
1 |
|
|a интеллектуальный капитал
|
| 610 |
1 |
|
|a государственно-частное партнерство
|
| 610 |
1 |
|
|a Россия
|
| 610 |
1 |
|
|a трудовая деятельность
|
| 610 |
1 |
|
|a маркетинговые стратегии
|
| 610 |
1 |
|
|a продвижение
|
| 610 |
1 |
|
|a инновационный потенциал
|
| 610 |
1 |
|
|a бизнес-инкубаторы
|
| 610 |
1 |
|
|a Сибирский федеральный округ
|
| 610 |
1 |
|
|a финансовые результаты
|
| 610 |
1 |
|
|a инновационное предпринимательство
|
| 610 |
1 |
|
|a информационные технологии
|
| 610 |
1 |
|
|a инновационные проекты
|
| 610 |
1 |
|
|a финансирование
|
| 610 |
1 |
|
|a бережливое производство
|
| 610 |
1 |
|
|a форумы
|
| 686 |
|
|
|a У9(2)0-551л0
|v LBC/SL-A
|2 rubbk
|
| 712 |
0 |
2 |
|a Новосибирский государственный технический университет
|b Факультет бизнеса
|c (1992- )
|2 stltpush
|3 (RuTPU)RU\TPU\col\36
|
| 712 |
1 |
2 |
|a Инновационный менеджмент и технологическое предпринимательство
|c форум
|e Новосибирск
|f 2015
|4 570
|
| 801 |
|
1 |
|a RU
|b 63413507
|c 20200323
|
| 801 |
|
2 |
|a RU
|b 63413507
|c 20200603
|g RCR
|
| 942 |
|
|
|c BK
|